Early popular visual culture
| Titel: | Early popular visual culture |
|---|---|
| Veröffentlicht: | London [u.a.] : Taylor and Francis, 2005- |
| Erscheinungsverlauf: | Nachgewiesen 3.2005 - |
| Umfang: | Online-Ressource |
| Format: | Elektronische Zeitschrift |
| Sprache: | Englisch |
| Andere Ausgaben: |
Erscheint auch als Druck-Ausgabe: Early popular visual culture. - Abingdon : Routledge Journals, Taylor & Francis, 2005-
|
| ISSN: | 1746-0662 ; 1746-0654 |
X
alg: 12898270
001A $06050:16-06-05
001B $06050:09-02-26 $t13:31:40.000
001D $06050:10-10-15
001U $0utf8
001X $00
002@ $0Obvc
002C $aText $btxt $2rdacontent
002D $aComputermedien $bc $2rdamedia
002E $aOnline-Ressource $bcr $2rdacarrier
003@ $0128982705
003O $0698961025 $aOCoLC
005A $01746-0662
005P $01746-0654 $Sp
006Z $02190953-2
007A $02190953-2 $aZDB
009Q $SV15 $uhttps://www.tandfonline.com/openurl?genre=journal&stitle=repv20 $xH
009Q $uhttps://ezb.ur.de/?2190953-2 $xF
009Q $uhttps://www.tandfonline.com/loi/repv20 $xH
010@ $aeng
011@ $a2005 $n2005-
013D $RPresse $RFortlaufendes Sammelwerk $#Periodicals $#Yearbooks $#Périodiques $#Annuaires $#Publicaciones periódicas $#journals $#Periodical $#Periodicals as Topic $#Zeitschrift $#Zeitschrift $#Zeitschrift $#Periodikum $#Zeitschriften $74067488-5 $8Zeitschrift [Tsz] $9085189774
016A $aDg
017B $aZDB-7-TFS
018@ $0u
021A $aEarly popular visual culture
031@ $aNachgewiesen 3.2005 -
031N $d3 $6 $j2005
033A $pLondon {[u.a.] $nTaylor and Francis
034D $aOnline-Ressource
039D $aErscheint auch als $8--Abvc--. Early popular visual culture. - Abingdon : Routledge Journals, Taylor & Francis, 2005-. - ISSN 1746-0654 $9135166942 $nDruck-Ausgabe
044K $qZDB $RKultur $RAlltagskultur $RArbeiterkultur $RIndustriekultur $RVolkskultur $RPopkultur $#Culture de masse $#Massenkultur $#Massenkultur $74125858-7 $8Massenkultur [Ts1] $9085425907
045T $a9,10
045U $e700
lok: 12898270 5
exp: 12898270 5 1 #EPN
201B/01 $007-05-24 $t00:00:51.645
201C/01 $013-03-24
201U/01 $0utf8
203@/01 $01258204797
208@/01 $a13-03-24 $bl
209S/01 $uhttps://ezb.ur.de/?2190953-2&bibid=FHF $XF
lok: 12898270 21
exp: 12898270 21 1 #EPN
201B/01 $007-05-24 $t00:00:51.650
201C/01 $013-03-24
201U/01 $0utf8
203@/01 $01258204770
208@/01 $a13-03-24 $bl
209S/01 $uhttps://ezb.ur.de/?2190953-2&bibid=FHFD $XF
lok: 12898270 25
exp: 12898270 25 1 #EPN
201B/01 $007-05-24 $t00:00:51.653
201C/01 $013-03-24
201U/01 $0utf8
203@/01 $01258204800
208@/01 $a13-03-24 $bl
209S/01 $uhttps://ezb.ur.de/?2190953-2&bibid=UBMZ $XF
lok: 12898270 78
exp: 12898270 78 1 #EPN
201B/01 $015-10-24 $t17:43:35.000
201C/01 $018-05-20
201U/01 $0utf8
203@/01 $01106061020
208@/01 $a18-05-20 $be
209A/01 $a/ $f000 $x00
209A/01 $ab*p $x01
209A/01 $a*v 12 (2014); *v 13 (2015); *v 14 (2016); *v 15 (2017); *v 16 (2018); *v 17 (2019), iss. 1-4, 414 p.; *v 18 (2020), iss. 1-4, 466 p. ; *v 19 (2021), iss. 1-4, 441 p. $x03
220C/01 $apgar
247C/01 $82080>Marburg/Lahn, Herder-Institut, Forschungsbibliothek, Bibliographieportal $9336309341
lok: 12898270 204
exp: 12898270 204 1 #EPN
201B/01 $007-05-24 $t00:00:51.670
201U/01 $0utf8
203@/01 $0259935247
208@/01 $a16-06-05 $bl
209S/01 $uhttps://ezb.ur.de/?2190953-2&bibid=UBGIE $XF
lok: 12898270 205
exp: 12898270 205 1 #EPN
201B/01 $007-05-24 $t00:00:51.673
201C/01 $013-03-24
201U/01 $0utf8
203@/01 $01258204789
208@/01 $a13-03-24 $bl
209S/01 $uhttps://ezb.ur.de/?2190953-2&bibid=UBMA $XF
exp: 12898270 205 2 #EPN
201B/02 $014-03-24 $t22:48:30.000
201C/02 $027-07-23
201U/02 $0utf8
203@/02 $01240222920
208@/02 $a27-07-23 $bp
209A/02 $a/ $f000 $x00
209B/02 $atandf_ssh $x05
209S/02 $uhttp://www.bibliothek.uni-regensburg.de/ezeit/?2190953&bibid=UBMA $XF
245G/02 $cej
247C/02 $8351000-1 <4>Marburg, Universität Marburg, Universitätsbibliothek $9102594767
| LEADER | 00000cas a2200000 c 4500 | ||
|---|---|---|---|
| 001 | 128982705 | ||
| 003 | DE-603 | ||
| 005 | 20260209133140.0 | ||
| 007 | cr|||||||||||| | ||
| 008 | 050616c20059999xx u| p|o 0 |1eng c | ||
| 016 | 7 | |2 DE-600 |a 2190953-2 | |
| 022 | |a 1746-0662 | ||
| 035 | |a (DE-599)ZDB2190953-2 | ||
| 035 | |a (OCoLC)698961025 | ||
| 040 | |a DE-603 |b ger |c DE-603 |d DE-603 | ||
| 041 | |a eng | ||
| 084 | |a 9,10 |2 ssgn | ||
| 084 | |a 700 |q DE-600 |2 sdnb | ||
| 245 | 0 | 0 | |a Early popular visual culture |
| 264 | 3 | 1 | |a London [u.a.] |b Taylor and Francis |c 2005- |
| 300 | |a Online-Ressource | ||
| 336 | |a Text |b txt |2 rdacontent | ||
| 337 | |a Computermedien |b c |2 rdamedia | ||
| 338 | |a Online-Ressource |b cr |2 rdacarrier | ||
| 362 | 0 | |a Nachgewiesen 3.2005 - | |
| 363 | 0 | 1 | |8 1.1\x |a 3 |i 2005 |
| 650 | 7 | |a Massenkultur |0 (DE-588)4125858-7 |0 (DE-603)085425907 |2 gnd | |
| 655 | 7 | |a Zeitschrift |2 gnd-content |0 (DE-588)4067488-5 |0 (DE-603)085189774 | |
| 776 | 0 | 8 | |i Erscheint auch als |n Druck-Ausgabe |t Early popular visual culture |d Abingdon : Routledge Journals, Taylor & Francis, 2005- |x 1746-0654 |w (DE-603)135166942 |w (DE-600)2215752-9 |
| 776 | 1 | |x 1746-0654 | |
| 856 | |u https://www.tandfonline.com/openurl?genre=journal&stitle=repv20 |x Verlag | ||
| 856 | |u https://ezb.ur.de/?2190953-2 |x EZB | ||
| 856 | |u https://www.tandfonline.com/loi/repv20 |x Verlag | ||
| 912 | |a ZDB-7-TFS | ||
| 924 | 1 | |9 603 |a (DE-603)1258204797 |b DE-603 |c HES |d d | |
| 924 | 1 | |9 603 |a (DE-603)1258204770 |b DE-603 |c HES |d d | |
| 924 | 1 | |9 603 |a (DE-603)1258204800 |b DE-603 |c HES |d d | |
| 924 | 1 | |9 2080 |a (DE-603)1106061020 |b DE-2080 |c HES |d d |g / | |
| 924 | 1 | |9 603 |a (DE-603)259935247 |b DE-603 |c HES |d d | |
| 924 | 1 | |9 603 |a (DE-603)1258204789 |b DE-603 |c HES |d d | |
| 924 | 1 | |9 4 |a (DE-603)1240222920 |b DE-4 |c HES |d c |g / |k http://www.bibliothek.uni-regensburg.de/ezeit/?2190953&bibid=UBMA | |


